000 00338nam a2200145Ia 4500
008 191201s2011 xx 000 0 und d
082 _a658.0954
_bSAB
100 _aSAINI,Ravindra
245 0 _aBusiness Environment
250 _a1st
260 _aN. delhi
_bGlobal vision pub
_c2011
300 _a736
650 _aBBA
942 _2ddc
_cBK
999 _c4931
_d4931